[Event "IECG CM.2007.0.00314"]
[Site "IECG email"]
[Date "2007.07.22"]
[Round "?"]
[White "Monasterio, Manuel Gerardo"]
[Black "Hughes, Stephen J"]
[Result "0-1"]
[WhiteElo "2236"]
[BlackElo "2352"]
[PlyCount "82"]
[EventDate "2007.07.22"]
[EventType "tourn (corr)"]
[EventRounds "6"]
[SourceTitle "Corr 2024"]
[Source "ChessBase"]
[SourceDate "2023.10.19"]
[SourceVersion "1"]
[SourceVersionDate "2023.10.19"]
[SourceQuality "1"]

1. Nf3 d5 2. d4 Nf6 3. c4 e6 4. g3 dxc4 5. Bg2 Nc6 6. Qa4 Bb4+ 7. Bd2 Nd5 8. Bxb4 Ndxb4 9. 0-0 Rb8 10. Nc3 a6 11. Ne5 0-0 12. Nxc6 Nxc6 13. Bxc6 bxc6 14. Qxc4 Qd6 15. Ne4 Qd5 16. Qc2 e5 17. dxe5 Qxe5 18. Nc3 Bf5 19. e4 Bg4 20. f3 Bh3 21. Rf2 Rfd8 22. Rd1 h6 23. Rxd8+ Rxd8 24. Rd2 Qc5+ 25. Kh1 Rd6 26. Rxd6 cxd6 27. Qd2 a5 28. b3 h5 29. Nd1 Qb5 30. Ne3 a4 31. bxa4 Qxa4 32. Kg1 Qa3 33. Kf2 Be6 34. Nf5 Bxf5 35. exf5 d5 36. g4 Qd6 37. Ke1 hxg4 38. fxg4 d4 39. Qe2 Qd5 40. a4 Kh7 41. Qe7 c5 0-1

[Event "IECG CM.2005.0.00287"]
[Site "IECG email"]
[Date "2005.10.09"]
[Round "?"]
[White "Monasterio, Manuel Gerardo"]
[Black "Marez, Sebastien"]
[Result "0-1"]
[WhiteElo "2269"]
[BlackElo "2270"]
[PlyCount "66"]
[EventDate "2005.10.09"]
[EventType "tourn (corr)"]
[EventRounds "6"]
[SourceTitle "Corr 2008"]
[Source "ChessBase"]
[SourceDate "2008.06.24"]
[SourceVersion "1"]
[SourceVersionDate "2008.06.24"]
[SourceQuality "1"]

1. Nf3 Nf6 2. c4 e6 3. Nc3 d5 4. d4 Be7 5. g3 0-0 6. Bg2 dxc4 7. 0-0 Nc6 8. e3 Bd6 9. Qa4 e5 10. Qxc4 exd4 11. exd4 Nb4 12. a3 Be6 13. Qe2 Nbd5 14. Ng5 Bg4 15. Qc2 Nxc3 16. bxc3 h6 17. Nf3 Re8 18. c4 c6 19. Bb2 Qd7 20. Ne5 Qf5 21. Qxf5 Bxf5 22. Rfe1 Rad8 23. Bc3 h5 24. f4 Ng4 25. h3 Nh6 26. c5 Bc7 27. a4 a6 28. Nc4 Rxe1+ 29. Rxe1 Be6 30. Ne3 h4 31. Rb1 hxg3 32. Rxb7 Bxf4 33. Nc2 Nf5 0-1

[Event "IECG CM.2005.0.00285"]
[Site "IECG email"]
[Date "2005.08.28"]
[Round "?"]
[White "Damnjanovic, Radovan"]
[Black "Monasterio, Manuel Gerardo"]
[Result "1/2-1/2"]
[WhiteElo "2244"]
[BlackElo "2265"]
[PlyCount "72"]
[EventDate "2005.08.28"]
[EventType "tourn (corr)"]
[EventRounds "6"]
[SourceTitle "Corr 2008"]
[Source "ChessBase"]
[SourceDate "2008.06.24"]
[SourceVersion "1"]
[SourceVersionDate "2008.06.24"]
[SourceQuality "1"]

1. d4 Nf6 2. c4 e6 3. Nf3 b6 4. a3 Ba6 5. Qc2 Bb7 6. Nc3 c5 7. e4 cxd4 8. Nxd4 Bc5 9. Nb3 Nc6 10. Bg5 Nd4 11. Nxd4 Bxd4 12. Nb5 Be5 13. f4 Bb8 14. e5 h6 15. Bxf6 gxf6 16. Nd6+ Bxd6 17. exd6 f5 18. Qc3 Rg8 19. 0-0-0 Rc8 20. Rd2 Kf8 21. Rg1 Be4 22. g3 Rg7 23. b3 Kg8 24. Kb2 Kh7 25. Qd4 Qh8 26. Bg2 Rgg8 27. Qxh8+ Kxh8 28. Rd4 Bxg2 29. Rxg2 Kg7 30. Rc2 Kf6 31. b4 h5 32. a4 h4 33. gxh4 Rh8 34. c5 Rxh4 35. a5 b5 36. Rf2 Rh3 1/2-1/2

[Event "IECG CM.2005.0.00285"]
[Site "IECG email"]
[Date "2005.08.28"]
[Round "?"]
[White "Houtman, Joop"]
[Black "Monasterio, Manuel Gerardo"]
[Result "1-0"]
[WhiteElo "2376"]
[BlackElo "2265"]
[PlyCount "95"]
[EventDate "2005.08.28"]
[EventType "tourn (corr)"]
[EventRounds "6"]
[SourceTitle "Corr 2008"]
[Source "ChessBase"]
[SourceDate "2008.06.24"]
[SourceVersion "1"]
[SourceVersionDate "2008.06.24"]
[SourceQuality "1"]

1. e4 c5 2. Nf3 Nc6 3. Bb5 e6 4. Bxc6 bxc6 5. d3 Ne7 6. 0-0 Ng6 7. Ng5 h6 8. Nh3 d5 9. f4 dxe4 10. dxe4 Ba6 11. Re1 Qd4+ 12. Nf2 Qxd1 13. Rxd1 Be7 14. Be3 e5 15. f5 Nf8 16. Nd2 c4 17. Nf3 Nd7 18. Rd2 c3 19. bxc3 c5 20. Rb1 0-0-0 21. Rb3 f6 22. Ra3 Kb7 23. Rd1 Bc4 24. Nd2 Bf7 25. Rb1+ Ka8 26. Rb5 Rb8 27. Rba5 Rb7 28. Nd3 Rc8 29. Kf2 Bd8 30. Nxc5 Bxa5 31. Nxb7 Kxb7 32. Rxa5 a6 33. Ra3 Nb6 34. Nb3 Nc4 35. Ra4 Nxe3 36. Rb4+ Ka7 37. Kxe3 Rxc3+ 38. Kd2 Rc7 39. a3 Rd7+ 40. Ke3 Rc7 41. Na5 Ka8 42. Kd2 Ka7 43. c4 h5 44. Kc3 g6 45. Rb2 gxf5 46. exf5 Be8 47. g3 Rg7 48. c5 1-0

[Event "IECC CL1-2005.11 email"]
[Site "IECC email"]
[Date "2005.08.27"]
[Round "?"]
[White "Monasterio, Manuel Gerardo"]
[Black "Mayer, Cristian"]
[Result "0-1"]
[WhiteElo "2154"]
[BlackElo "2176"]
[PlyCount "62"]
[EventDate "2005.??.??"]
[EventType "tourn (corr)"]
[EventRounds "4"]
[SourceTitle "Corr 2008"]
[Source "ChessBase"]
[SourceDate "2008.06.24"]
[SourceVersion "1"]
[SourceVersionDate "2008.06.24"]
[SourceQuality "1"]

1. e4 c5 2. Nf3 d6 3. d4 cxd4 4. Nxd4 Nf6 5. Nc3 a6 6. Be3 e6 7. f3 b5 8. g4 h6 9. Qd2 b4 10. Nce2 e5 11. Nb3 a5 12. Rd1 a4 13. Nbc1 Nc6 14. c4 Be7 15. Ng3 Be6 16. Be2 g6 17. Bxh6 Nd4 18. Be3 Nxe2 19. Qxe2 Qc8 20. b3 Nxg4 21. fxg4 Bxg4 22. Qd2 axb3 23. axb3 Bxd1 24. Kxd1 f5 25. exf5 gxf5 26. Qg2 Ra1 27. Nh5 Kd7 28. Ng7 f4 29. Bd2 Qa8 30. Rg1 Qxg2 31. Rxg2 Bf8 0-1

[Event "IECG CM.2005.0.00284"]
[Site "IECG email"]
[Date "2005.08.15"]
[Round "?"]
[White "Chorfi, Khaled"]
[Black "Monasterio, Manuel Gerardo"]
[Result "1/2-1/2"]
[WhiteElo "2373"]
[BlackElo "2265"]
[PlyCount "77"]
[EventDate "2005.08.15"]
[EventType "tourn (corr)"]
[EventRounds "6"]
[SourceTitle "Corr 2008"]
[Source "ChessBase"]
[SourceDate "2008.06.24"]
[SourceVersion "1"]
[SourceVersionDate "2008.06.24"]
[SourceQuality "1"]

1. c4 Nf6 2. d4 e6 3. Nc3 Bb4 4. Qc2 0-0 5. a3 Bxc3+ 6. Qxc3 b6 7. Bg5 Bb7 8. e3 d6 9. Ne2 Nbd7 10. Qd3 Ba6 11. Nc3 d5 12. Qc2 Bxc4 13. Bxc4 dxc4 14. Qa4 h6 15. Bh4 c5 16. Qxc4 cxd4 17. Qxd4 g5 18. Bg3 Nc5 19. Rd1 Qxd4 20. Rxd4 Rfd8 21. h4 Rxd4 22. exd4 Ncd7 23. hxg5 hxg5 24. Ke2 Rc8 25. Kd3 Kg7 26. Nb5 a6 27. Nc7 a5 28. b4 Kg6 29. bxa5 bxa5 30. Rb1 Nh5 31. Bd6 Ndf6 32. Rb7 Rd8 33. Nb5 Nd5 34. g3 Nhf6 35. Bc5 Ng4 36. Nd6 f6 37. Rb2 Rh8 38. Re2 Rh2 39. Rxe6 1/2-1/2

[Event "IECG CM.2005.0.00284"]
[Site "IECG email"]
[Date "2005.08.15"]
[Round "?"]
[White "Cornel, Matei"]
[Black "Monasterio, Manuel Gerardo"]
[Result "1-0"]
[WhiteElo "2300"]
[BlackElo "2265"]
[PlyCount "107"]
[EventDate "2005.08.15"]
[EventType "tourn (corr)"]
[EventRounds "6"]
[SourceTitle "Corr 2008"]
[Source "ChessBase"]
[SourceDate "2008.06.24"]
[SourceVersion "1"]
[SourceVersionDate "2008.06.24"]
[SourceQuality "1"]

1. e4 g6 2. d4 Bg7 3. Nc3 d6 4. f4 Nf6 5. Nf3 0-0 6. Bd3 Na6 7. 0-0 c5 8. d5 Bg4 9. Bc4 Nc7 10. h3 Bxf3 11. Qxf3 e6 12. dxe6 fxe6 13. Be3 Nd7 14. Qg3 Kh8 15. Rad1 Qe7 16. Nb5 Nxb5 17. Bxb5 Rad8 18. c3 a6 19. Bd3 b5 20. Bc2 Bh6 21. Rf2 e5 22. f5 Bxe3 23. Qxe3 gxf5 24. exf5 Nb6 25. Qf3 d5 26. f6 Qf7 27. Rdf1 Nc4 28. b3 e4 29. Qf4 Nd6 30. Bd1 d4 31. Qg5 e3 32. Rf4 d3 33. Rg4 Ne8 34. Qxe3 c4 35. bxc4 bxc4 36. Qc5 Nxf6 37. Rgf4 Qe6 38. Qxc4 Qxc4 39. Rxc4 d2 40. Rcf4 Kg7 41. c4 Rde8 42. c5 Nd5 43. Rg4+ Kh6 44. Rxf8 Rxf8 45. Rg3 Rc8 46. Rd3 Rxc5 47. Rxd2 Nc3 48. Bb3 a5 49. a4 Rc6 50. Rd7 Rb6 51. Bc2 Rb2 52. Bd3 Ra2 53. h4 Kh5 54. Rxh7+ 1-0

[Event "IECG WC.2005.T.00006 email"]
[Site "IECG email"]
[Date "2004.12.15"]
[Round "?"]
[White "Louro, Eugenio Diogo"]
[Black "Monasterio, Manuel Gerardo"]
[Result "1/2-1/2"]
[WhiteElo "2339"]
[BlackElo "2260"]
[PlyCount "96"]
[EventDate "2004.12.15"]
[EventType "tourn (corr)"]
[EventRounds "10"]
[SourceTitle "Corr 2008"]
[Source "ChessBase"]
[SourceDate "2008.06.24"]
[SourceVersion "1"]
[SourceVersionDate "2008.06.24"]
[SourceQuality "1"]

1. c4 e5 2. Nc3 Nf6 3. g3 Bb4 4. Bg2 0-0 5. d3 Re8 6. e4 Bxc3+ 7. bxc3 c6 8. Ne2 d5 9. cxd5 cxd5 10. exd5 Nxd5 11. 0-0 Bg4 12. Qb3 Nb6 13. f3 Bf5 14. Rd1 Nc6 15. Be3 Nd5 16. Bf2 Qd7 17. g4 Bg6 18. h4 h5 19. c4 Ndb4 20. gxh5 Bh7 21. Rd2 Nxd3 22. Rad1 Rad8 23. c5 Qe6 24. Qxe6 fxe6 25. Be3 Na5 26. Bg5 Nc4 27. Rc2 Ndb2 28. Rxd8 Rxd8 29. Rc3 Rd1+ 30. Kh2 Na5 31. h6 gxh6 32. Bxh6 Na4 33. Ra3 Bc2 34. Bg5 Nc4 35. Rxa4 Bxa4 36. Nc3 Rd3 37. Nxa4 Ra3 38. c6 Rxa4 39. cxb7 Rb4 40. f4 Na5 41. Be7 Rb5 42. fxe5 Nxb7 43. a4 Rb2 44. h5 Rc2 45. h6 Nc5 46. Kg3 Rc3+ 47. Kf4 Nd3+ 48. Ke4 Nf2+ 1/2-1/2

[Event "IECG WC.2005.T.00006 email"]
[Site "IECG email"]
[Date "2004.12.15"]
[Round "?"]
[White "Monasterio, Manuel Gerardo"]
[Black "Evans, Gordon R"]
[Result "1/2-1/2"]
[WhiteElo "2260"]
[BlackElo "2295"]
[PlyCount "99"]
[EventDate "2004.12.15"]
[EventType "tourn (corr)"]
[EventRounds "10"]
[SourceTitle "Corr 2008"]
[Source "ChessBase"]
[SourceDate "2008.06.24"]
[SourceVersion "1"]
[SourceVersionDate "2008.06.24"]
[SourceQuality "1"]

1. d4 Nf6 2. c4 e6 3. g3 c5 4. d5 exd5 5. cxd5 b5 6. Bg2 d6 7. Nf3 g6 8. Nfd2 Nbd7 9. Qb3 a6 10. a4 Rb8 11. axb5 axb5 12. Nc3 Bg7 13. Nxb5 0-0 14. Nc4 Ne8 15. Qa4 Nb6 16. Nxb6 Rxb6 17. Qa5 Ba6 18. Nc3 Bc4 19. Ra4 Bb3 20. Ra3 Qb8 21. 0-0 Nc7 22. Bf4 Ra6 23. Rxb3 Rxa5 24. Rxb8 Rxb8 25. Bxd6 Rb7 26. Bf4 Rba7 27. e4 Nb5 28. e5 g5 29. Bxg5 Bxe5 30. Ne4 c4 31. Be3 R7a6 32. Nd2 Nd6 33. b3 cxb3 34. Nxb3 Ra2 35. Nc5 Ra8 36. Nd3 Bg7 37. Bf4 Bf8 38. Ne5 Nf5 39. d6 Bxd6 40. Bxa8 Rxa8 41. Rd1 Kg7 42. Kg2 Bxe5 43. Bxe5+ f6 44. Ra1 Re8 45. Ra7+ Kg6 46. Ba1 Re6 47. h3 h5 48. g4 hxg4 49. hxg4 Nd6 50. f4 1/2-1/2

[Event "IECG CM.2004.0.00253 email"]
[Site "IECG email"]
[Date "2004.08.24"]
[Round "?"]
[White "Miletic, Arsen"]
[Black "Monasterio, Manuel Gerardo"]
[Result "1/2-1/2"]
[WhiteElo "2251"]
[BlackElo "2266"]
[PlyCount "108"]
[EventDate "2004.08.24"]
[EventType "tourn (corr)"]
[EventRounds "6"]
[SourceTitle "Corr 2008"]
[Source "ChessBase"]
[SourceDate "2008.06.24"]
[SourceVersion "1"]
[SourceVersionDate "2008.06.24"]
[SourceQuality "1"]

1. e4 c5 2. Nf3 Nc6 3. d4 cxd4 4. Nxd4 Nf6 5. Nc3 e5 6. Ndb5 d6 7. Bg5 a6 8. Na3 b5 9. Bxf6 gxf6 10. Nd5 f5 11. Bd3 Be6 12. 0-0 Bxd5 13. exd5 Ne7 14. c3 Bg7 15. Qh5 e4 16. Bc2 Qc8 17. Rae1 0-0 18. Kh1 Rb8 19. Bb3 a5 20. f3 a4 21. Bd1 b4 22. cxb4 Rxb4 23. b3 Nxd5 24. fxe4 Nf6 25. Qxf5 Rxe4 26. Rxe4 Qxf5 27. Rxf5 Nxe4 28. bxa4 Rc8 29. Rf1 d5 30. Bb3 Nd2 31. Rd1 Nc4 32. Nb5 Ne3 33. Re1 Rc5 34. Kg1 d4 35. g3 Kf8 36. Kf2 Ng4+ 37. Kg2 d3 38. Nd6 Ne5 39. Ne4 Rc6 40. a5 Ra6 41. Rd1 Rxa5 42. Nf2 Ke7 43. Nxd3 Nxd3 44. Rxd3 f5 45. Rf3 Bf6 46. a4 Rc5 47. Rf4 h6 48. Rb4 Bg5 49. Rb6 Bd2 50. Re6+ Kd7 51. Re2 Bc1 52. Rc2 Rxc2+ 53. Bxc2 f4 54. g4 Bd2 1/2-1/2

[Event "IECG CM.2004.0.00253 email"]
[Site "IECG email"]
[Date "2004.08.24"]
[Round "?"]
[White "Monasterio, Manuel Gerardo"]
[Black "Pontikis, Asterios"]
[Result "1/2-1/2"]
[WhiteElo "2266"]
[BlackElo "2285"]
[PlyCount "100"]
[EventDate "2004.08.24"]
[EventType "tourn (corr)"]
[EventRounds "6"]
[SourceTitle "Corr 2008"]
[Source "ChessBase"]
[SourceDate "2008.06.24"]
[SourceVersion "1"]
[SourceVersionDate "2008.06.24"]
[SourceQuality "1"]

1. d4 Nf6 2. c4 e6 3. Nf3 b6 4. g3 Ba6 5. Nbd2 Bb4 6. Qc2 Bb7 7. Bg2 Be4 8. Qb3 Bxd2+ 9. Bxd2 0-0 10. 0-0 d6 11. Rfd1 Nbd7 12. Rac1 Re8 13. Bg5 h6 14. Bxf6 Nxf6 15. Nd2 Bxg2 16. Kxg2 e5 17. d5 e4 18. Nf1 Qd7 19. Ne3 Rad8 20. Qc3 Re5 21. h3 Rde8 22. b4 Rh5 23. Rh1 a6 24. a4 Ra8 25. Ra1 a5 26. b5 Re8 27. Rag1 Qd8 28. Kf1 Nd7 29. g4 Rhe5 30. h4 Qf6 31. Ke1 Qf4 32. g5 h5 33. Rg3 Rf8 34. Ng2 Qf5 35. Rf1 e3 36. fxe3 Qb1+ 37. Kf2 Nc5 38. Rxb1 Ne4+ 39. Ke1 Nxc3 40. Ra1 Re4 41. Nf4 Rfe8 42. g6 f6 43. Ne6 Rxh4 44. Rf3 Ne4 45. Rd1 Ng5 46. Nxg5 fxg5 47. Rf5 Rxc4 48. Rd4 Rxd4 49. exd4 h4 50. Kf2 Rf8 1/2-1/2

[Event "IECG CM.2004.0.00253 email"]
[Site "IECG email"]
[Date "2004.08.24"]
[Round "?"]
[White "Sacerdotali, Sergio"]
[Black "Monasterio, Manuel Gerardo"]
[Result "0-1"]
[WhiteElo "2345"]
[BlackElo "2266"]
[PlyCount "62"]
[EventDate "2004.08.24"]
[EventType "tourn (corr)"]
[EventRounds "6"]
[SourceTitle "Corr 2008"]
[Source "ChessBase"]
[SourceDate "2008.06.24"]
[SourceVersion "1"]
[SourceVersionDate "2008.06.24"]
[SourceQuality "1"]

1. e4 g6 2. d4 Bg7 3. c4 d6 4. Nc3 Nf6 5. Nf3 0-0 6. h3 c5 7. d5 e6 8. Bd3 exd5 9. exd5 Re8+ 10. Be3 Bh6 11. Qd2 Qe7 12. 0-0-0 Bxe3 13. fxe3 Nbd7 14. e4 a6 15. g4 Ne5 16. Nxe5 Qxe5 17. Rhf1 Nd7 18. Be2 Qe7 19. Qh6 b5 20. cxb5 Ne5 21. g5 axb5 22. Bxb5 Rf8 23. Kb1 Ba6 24. Rf4 Bxb5 25. Nxb5 Rab8 26. a4 Nf3 27. Rg4 Ra8 28. Nc3 Qe5 29. Rc1 Nd2+ 30. Kc2 Nc4 31. Kb1 Rfb8 0-1

[Event "IECG CM.2004.0.00252 email"]
[Site "IECG email"]
[Date "2004.08.03"]
[Round "?"]
[White "Monasterio, Manuel Gerardo"]
[Black "Turner, George H"]
[Result "1/2-1/2"]
[WhiteElo "2266"]
[BlackElo "2320"]
[PlyCount "41"]
[EventDate "2004.08.03"]
[EventType "tourn (corr)"]
[EventRounds "6"]
[SourceTitle "Corr 2008"]
[Source "ChessBase"]
[SourceDate "2008.06.24"]
[SourceVersion "1"]
[SourceVersionDate "2008.06.24"]
[SourceQuality "1"]

1. d4 f5 2. Nc3 Nf6 3. Bg5 d5 4. f3 h6 5. Bh4 g5 6. Bf2 Bg7 7. e3 Nc6 8. Bb5 Bd7 9. Qd3 e6 10. Nge2 Nb4 11. Qd2 a6 12. Bxd7+ Qxd7 13. 0-0-0 0-0-0 14. Kb1 Nc6 15. h4 e5 16. dxe5 Nxe5 17. hxg5 hxg5 18. Qd4 Nc6 19. Qd3 Ne5 20. Qd4 Nc6 21. Qd3 1/2-1/2

[Event "IECG CM.2004.0.00252 email"]
[Site "IECG email"]
[Date "2004.08.03"]
[Round "?"]
[White "Ruiz, Hernan"]
[Black "Monasterio, Manuel Gerardo"]
[Result "0-1"]
[WhiteElo "2400"]
[BlackElo "2266"]
[PlyCount "40"]
[EventDate "2004.08.03"]
[EventType "tourn (corr)"]
[EventRounds "6"]
[SourceTitle "Corr 2008"]
[Source "ChessBase"]
[SourceDate "2008.06.24"]
[SourceVersion "1"]
[SourceVersionDate "2008.06.24"]
[SourceQuality "1"]

1. e4 c5 2. Nf3 e6 3. b3 d6 4. Bb2 Nf6 5. e5 dxe5 6. Nxe5 Nbd7 7. f4 g6 8. Qf3 Bg7 9. Nc3 a6 10. Nxd7 Bxd7 11. Qxb7 0-0 12. Rb1 Re8 13. Ne4 e5 14. fxe5 Rb8 15. Nxf6+ Bxf6 16. Qf3 Bxe5 17. Bxe5 Rxe5+ 18. Kd1 Bb5 19. Bxb5 axb5 20. Kc1 Ra8 0-1

[Event "IECC CL1-2003.13 email"]
[Site "IECC email"]
[Date "2003.10.31"]
[Round "?"]
[White "Monasterio, Manuel Gerardo"]
[Black "Kirpikov, Alexander Leonidovi"]
[Result "1/2-1/2"]
[WhiteElo "2145"]
[BlackElo "2159"]
[PlyCount "182"]
[EventDate "2003.??.??"]
[EventType "tourn (corr)"]
[EventRounds "4"]
[SourceTitle "Corr 2015"]
[Source "ChessBase"]
[SourceDate "2015.07.17"]
[SourceVersion "1"]
[SourceVersionDate "2015.07.17"]
[SourceQuality "1"]

1. d4 Nf6 2. Bg5 Ne4 3. Bf4 c5 4. f3 Qa5+ 5. c3 Nf6 6. Nd2 cxd4 7. Nb3 Qd8 8. cxd4 d5 9. e3 e6 10. g4 Bb4+ 11. Kf2 Nc6 12. Rc1 g5 13. Bg3 h5 14. gxh5 Nxh5 15. Bg2 Rg8 16. Ne2 f5 17. Qd3 Qb6 18. a3 Be7 19. Rc2 Rf8 20. Be5 Nxe5 21. dxe5 Nf4 22. Nxf4 gxf4 23. Nd4 fxe3+ 24. Kxe3 Bd7 25. f4 Ba4 26. Rc3 Rh8 27. Bf3 a5 28. h4 Bc5 29. h5 Bb5 30. Qd2 Bc4 31. Rcc1 a4 32. h6 0-0-0 33. Rcg1 Rh7 34. Rg7 Rdh8 35. Rxh7 Rxh7 36. Bd1 Bb5 37. Qc3 Kb8 38. Bc2 Bd7 39. Bd3 Ka7 40. Rh2 Bc6 41. Bc2 Bf8 42. Kf3 Bd7 43. Ke3 Rxh6 44. Rxh6 Bxh6 45. Bd1 Kb8 46. Be2 Bf8 47. Bd3 Bc5 48. Be2 Bc6 49. Bd3 Ka7 50. Be2 Bb5 51. Bd1 Kb8 52. Bc2 Qc7 53. Kd2 Bd7 54. Bd3 Bb6 55. Qxc7+ Kxc7 56. Ke3 Kd8 57. Be2 Ke7 58. Kd3 Bc5 59. Kc3 b5 60. Bf3 Bb6 61. Kd3 Ba5 62. b4 axb3 63. Nxb3 Be1 64. Nd4 b4 65. axb4 Bxb4 66. Be2 Ba3 67. Kd2 Ba4 68. Ba6 Bb2 69. Kd3 Kd7 70. Nf3 Bc1 71. Nd2 Kc7 72. Kc3 Ba3 73. Nf3 Bc1 74. Nd2 Bd1 75. Bb5 Kb6 76. Bd7 d4+ 77. Kd3 Bxd2 78. Kxd2 Bb3 79. Be8 Kc5 80. Bh5 Ba2 81. Bf3 Bb1 82. Bb7 Be4 83. Ba6 Bc6 84. Kd3 Bd5 85. Kd2 Bc4 86. Bb7 Bb5 87. Bf3 Bc6 88. Be2 Kb4 89. Bh5 Bd5 90. Be2 Bc4 91. Bh5 Kc5 1/2-1/2

[Event "IECG CP.2001.S.00003 email"]
[Site "IECG email"]
[Date "2003.10.01"]
[Round "?"]
[White "Wosch, Arkadiusz Janusz"]
[Black "Monasterio, Manuel Gerardo"]
[Result "1-0"]
[WhiteElo "2175"]
[BlackElo "2245"]
[PlyCount "78"]
[EventDate "2003.10.01"]
[EventType "tourn (corr)"]
[EventRounds "6"]
[SourceTitle "Corr 2008"]
[Source "ChessBase"]
[SourceDate "2008.06.24"]
[SourceVersion "1"]
[SourceVersionDate "2008.06.24"]
[SourceQuality "1"]

1. e4 c5 2. Nf3 d6 3. d4 cxd4 4. Nxd4 Nf6 5. Nc3 a6 6. Be2 e5 7. Nb3 Be7 8. 0-0 0-0 9. Be3 Be6 10. Qd2 Nbd7 11. a4 Rc8 12. a5 Qc7 13. Rfd1 Rfe8 14. Qe1 h6 15. Bf3 Bf8 16. Nd2 Ra8 17. Qf1 Qc6 18. Qe2 Rac8 19. Nf1 Bc4 20. Qd2 b5 21. axb6 Nxb6 22. Ng3 Bb5 23. Qe1 Nc4 24. Bc1 Nb6 25. Nf5 Kh7 26. Ne3 Be7 27. Bd2 Nc4 28. Nxc4 Bxc4 29. b3 Bb5 30. Nd5 Nxd5 31. exd5 Qb7 32. Bg4 Ra8 33. Qe3 Bg5 34. Qe4+ g6 35. Bxg5 hxg5 36. Qb4 Qc7 37. c4 Bd7 38. Bxd7 Qxd7 39. Qd2 g4 1-0

[Event "IECG CM.2003.0.00230 email"]
[Site "IECG email"]
[Date "2003.09.03"]
[Round "?"]
[White "Francisco, Raul R"]
[Black "Monasterio, Manuel Gerardo"]
[Result "0-1"]
[WhiteElo "2200"]
[BlackElo "2227"]
[PlyCount "44"]
[EventDate "2003.09.03"]
[EventType "tourn (corr)"]
[EventRounds "6"]
[SourceTitle "Corr 2008"]
[Source "ChessBase"]
[SourceDate "2008.06.24"]
[SourceVersion "1"]
[SourceVersionDate "2008.06.24"]
[SourceQuality "1"]

1. d4 d5 2. c4 c6 3. Nc3 dxc4 4. e4 b5 5. a4 b4 6. Na2 Nf6 7. e5 Nd5 8. Bxc4 e6 9. Nf3 Be7 10. Bd2 a5 11. 0-0 0-0 12. Qc2 Ba6 13. Bxa6 Rxa6 14. Nc1 Nd7 15. Nb3 c5 16. dxc5 Nxc5 17. Nxc5 Rc6 18. Rfc1 Bxc5 19. Qe4 Qb6 20. Qh4 Rfc8 21. Ng5 h6 22. Nf3 Ne7 0-1

[Event "IECG CM.2003.0.00230 email"]
[Site "IECG email"]
[Date "2003.09.03"]
[Round "?"]
[White "Monasterio, Manuel Gerardo"]
[Black "Kabachev, Andrey Nikolaevich"]
[Result "1/2-1/2"]
[WhiteElo "2227"]
[BlackElo "2169"]
[PlyCount "65"]
[EventDate "2003.09.03"]
[EventType "tourn (corr)"]
[EventRounds "6"]
[SourceTitle "Corr 2008"]
[Source "ChessBase"]
[SourceDate "2008.06.24"]
[SourceVersion "1"]
[SourceVersionDate "2008.06.24"]
[SourceQuality "1"]

1. d4 Nf6 2. c4 g6 3. Nc3 Bg7 4. e4 d6 5. Nf3 0-0 6. h3 e5 7. d5 Nh5 8. Nh2 Nd7 9. g3 a5 10. Be2 Nhf6 11. Ng4 Nc5 12. Nxf6+ Bxf6 13. h4 h5 14. Be3 Be7 15. Qd2 f5 16. f3 b6 17. 0-0-0 Bf6 18. Rdg1 Bg7 19. exf5 gxf5 20. g4 hxg4 21. fxg4 f4 22. Bxc5 bxc5 23. Ne4 f3 24. Bd3 Rf4 25. h5 Qf8 26. g5 Bf5 27. Qe3 Qf7 28. h6 Qg6 29. Nf6+ Kf7 30. Nh5 Rd4 31. hxg7 Rxd3 32. Qf2 Ke7 33. g8Q 1/2-1/2

[Event "IECG CM.2003.0.00230 email"]
[Site "IECG email"]
[Date "2003.09.03"]
[Round "?"]
[White "Monasterio, Manuel Gerardo"]
[Black "Thiel, Thomas"]
[Result "1/2-1/2"]
[WhiteElo "2227"]
[BlackElo "2303"]
[PlyCount "47"]
[EventDate "2003.09.03"]
[EventType "tourn (corr)"]
[EventRounds "6"]
[SourceTitle "Corr 2008"]
[Source "ChessBase"]
[SourceDate "2008.06.24"]
[SourceVersion "1"]
[SourceVersionDate "2008.06.24"]
[SourceQuality "1"]

1. Nf3 Nf6 2. c4 g6 3. Nc3 d5 4. Qa4+ Bd7 5. Qb3 dxc4 6. Qxc4 Bg7 7. e4 Bc6 8. d3 0-0 9. Be2 Nbd7 10. Bf4 a5 11. Nd4 Ra6 12. Nf3 Rb6 13. Nd1 Rb5 14. Qc2 e5 15. Bd2 a4 16. Nc3 Ra5 17. 0-0 Ra8 18. b4 axb3 19. axb3 Qe7 20. b4 b6 21. Qb2 Nh5 22. Rfc1 h6 23. g3 Rfe8 24. Qb3 1/2-1/2

[Event "IECG CM.2003.0.00230 email"]
[Site "IECG email"]
[Date "2003.09.03"]
[Round "?"]
[White "Zielinski, Sergej"]
[Black "Monasterio, Manuel Gerardo"]
[Result "1-0"]
[WhiteElo "2275"]
[BlackElo "2227"]
[PlyCount "53"]
[EventDate "2003.09.03"]
[EventType "tourn (corr)"]
[EventRounds "6"]
[SourceTitle "Corr 2008"]
[Source "ChessBase"]
[SourceDate "2008.06.24"]
[SourceVersion "1"]
[SourceVersionDate "2008.06.24"]
[SourceQuality "1"]

1. e4 c5 2. Nf3 Nc6 3. d4 cxd4 4. Nxd4 e5 5. Nb5 d6 6. c4 Be7 7. N1c3 a6 8. Na3 Be6 9. Nc2 Bg5 10. Be2 Bxc1 11. Rxc1 Nge7 12. 0-0 0-0 13. Qd2 Qd7 14. Rfd1 Rad8 15. b4 f5 16. b5 Nb8 17. a4 f4 18. a5 Ng6 19. Ne1 Nh4 20. Qd3 g5 21. h3 Qe7 22. Nd5 Qf7 23. Nb6 Qc7 24. Qa3 Ng6 25. Nd5 Qg7 26. Rd2 Nh4 27. Nb6 1-0

[Event "IECG QM.2003.0.00053 email"]
[Site "IECG email"]
[Date "2003.02.15"]
[Round "?"]
[White "Monasterio, Manuel Gerardo"]
[Black "Bonehill, Andrew J"]
[Result "1-0"]
[WhiteElo "2201"]
[BlackElo "2200"]
[PlyCount "109"]
[EventDate "2003.02.15"]
[EventType "tourn (corr)"]
[EventRounds "6"]
[SourceTitle "Corr 2008"]
[Source "ChessBase"]
[SourceDate "2008.06.24"]
[SourceVersion "1"]
[SourceVersionDate "2008.06.24"]
[SourceQuality "1"]

1. d4 f5 2. g3 Nf6 3. Bg2 e6 4. c4 Be7 5. Nf3 0-0 6. 0-0 Ne4 7. b3 Nc6 8. Bb2 d5 9. e3 b6 10. Nfd2 Ba6 11. a3 Na5 12. Nxe4 fxe4 13. Nd2 Bg5 14. Bc3 Qe7 15. Bb4 c5 16. dxc5 Nc6 17. cxd5 exd5 18. Nxe4 dxe4 19. Qd5+ Qf7 20. Qxc6 Rac8 21. Qxe4 Bxf1 22. Rxf1 bxc5 23. Bc3 Rcd8 24. Qc2 Be7 25. Be4 Qh5 26. Bd3 Kh8 27. Bc4 Bf6 28. Bxf6 Rxf6 29. e4 Qg6 30. Qe2 Rff8 31. e5 Rd4 32. Re1 Qe8 33. e6 Qe7 34. Qe3 Rfd8 35. Re2 Rf8 36. h4 Rd1+ 37. Kg2 Rd4 38. a4 h6 39. a5 Qb7+ 40. f3 Qe7 41. a6 Rfd8 42. Qc3 Re8 43. Qc2 Rf8 44. Qc1 Rfd8 45. Qe3 Kg8 46. h5 Kh8 47. f4 Rb8 48. Qf3 Rc8 49. Qb7 Rc7 50. Qa8+ Rd8 51. Qe4 Rd4 52. Qf5 Qd8 53. Re5 Rd1 54. Bd5 Rd2+ 55. Kh3 1-0